Statystyki dla Sztuka Starożytnego Egiptu

Kliknij tutaj aby rozwiązać quiz!

Ogólne statystyki

  • Ten quiz został rozwiązany 10 razy
    (6 od ostatniego zresetowania)
  • Średni wynik to 4 z 20

Statystyki odpowiedzi

Odpowiedź% Poprawnych
Posąg Horusa z Edfu
100%
Sfinks Chefrena w Gizie | Sfinks w Gizie | Sfinks
100%
Gęsi z Meidum | Gęsi z Medium
67%
Popiersie Nefertiti
50%
Świątynia Hatszepsut
50%
Triada Mykerinosa
50%
Wójt z Sakkary | Ka-apera z Sakkary
50%
Paleta Narmera
40%
Grobowiec Tuchanchamona
33%
Kolosy Memnona
33%
Piramida Dżesera w Sakkarze | Piramida Dżesera
33%
Płaskorzeźba Echnatona z rodziną | Echnaton z rodziną
33%
Posąg Chefrena
33%
Egipski obelisk w Karnaku
25%
Złota Maska Tuchanchamona | Maska Tuchanchamona
25%
Posągi pary książęcej Rahotepa i Nofret | Para książęca Rahotep i Nofret
20%
Aleja sfinksów w Karnaku | Aleja sfinksów
0%
Córki Echnatona
0%
Głowa kapłana | Zielona głowa z Bostonu
0%
Hieroglify | Pismo Hieroglifyczne
0%
Kamień Rosetty
0%
Kobieta ważąca piwo
0%
Król Mykerinos z małżonką | Mykerinos z małżonką
0%
Malowidlo przedstawiające żniwe
0%
Paleta łowcy
0%
Piramida Cheopsa w Gizie | Piramida Cheopsa
0%
Piramida Snofru w Dahszur | Piramida Snofru
0%
Płaczki z grobu Ramzesa III
0%
Polowanie na dzikie ptactwo z grobu Menny
0%
Portret trumiennie z Faju
0%
Posąg Echnatona
0%
Posąg Ramzesa II w Luksorze
0%
Posąg Ramzesa II z Nefertari
0%
Posąg Sazestrosa II
0%
Siedzący Skryba z Sakkary | Skryba z Sakkary |
0%
Stela Dżeta
0%
Światynia Amona-re w Karnaku | Światynia Amona-re
0%
Świątynia Ramzesa II w Abu Simbel | Świątynia Ramzesa II
0%
Świątynia w Edfu | Pylony Świątyni w Edfu
0%
Tancerka i dwie muzykantki
0%

Rozkład punktacji

Percentyl według liczby udzielonych odpowiedzi

Procent ludzi z każdym wynikiem

Twoja historia wyników

Nie rozwiązałeś tego quizu od ostatniego zresetowania